Stranger Things Season 3 Character Episodes - Statistics

General Stats
  • This quiz has been taken 44 times
  • The average score is 20 of 26
Answer Stats
Hint Answer % Correct
8/8 Dustin Henderson
100%
8/8 Eleven
100%
8/8 Jim Hopper
100%
8/8 Joyce Byers
100%
8/8 Lucas Sinclair
100%
8/8 Mike Wheeler
100%
8/8 Max Mayfield
96%
8/8 Nancy Wheeler
96%
8/8 Robin Buckley
96%
8/8 Steve Harrington
96%
8/8 Will Byers
96%
8/8 Billy Hargrove
91%
8/8 Erica Sinclair
91%
8/8 Jonathan Byers
91%
4/8 Alexei
83%
4/8 Murray Bauman
78%
6/8 Karen Wheeler
74%
3/8 Ted Wheeler
74%
3/8 Holly Wheeler
70%
6/8 Heather Holloway
57%
7/8 Grigori
52%
5/8 Tom Holloway
52%
4/8 Doris Driscoll
48%
5/8 Larry Kline
48%
5/8 Bruce Lowe
35%
4/8 Janet Holloway
22%
No matching quizzes found
Score Distribution
Percent of People with Each Score
Percentile by Number Answered
Your Score History
You have not taken this quiz